<?xml version="1.0" encoding="UTF-8"?><?xml-stylesheet type="text/xsl" href="static/style.xsl"?><OAI-PMH xmlns="http://www.openarchives.org/OAI/2.0/" xmlns:xsi="http://www.w3.org/2001/XMLSchema-instance" xsi:schemaLocation="http://www.openarchives.org/OAI/2.0/ http://www.openarchives.org/OAI/2.0/OAI-PMH.xsd"><responseDate>2026-04-27T22:04:45Z</responseDate><request verb="GetRecord" identifier="oai:uvadoc.uva.es:10324/51665" metadataPrefix="marc">https://uvadoc.uva.es/oai/request</request><GetRecord><record><header><identifier>oai:uvadoc.uva.es:10324/51665</identifier><datestamp>2025-02-18T08:53:10Z</datestamp><setSpec>com_10324_1173</setSpec><setSpec>com_10324_931</setSpec><setSpec>com_10324_894</setSpec><setSpec>col_10324_1371</setSpec></header><metadata><record xmlns="http://www.loc.gov/MARC21/slim" xmlns:doc="http://www.lyncode.com/xoai" xmlns:xsi="http://www.w3.org/2001/XMLSchema-instance" xmlns:dcterms="http://purl.org/dc/terms/" xsi:schemaLocation="http://www.loc.gov/MARC21/slim http://www.loc.gov/standards/marcxml/schema/MARC21slim.xsd">
<leader>00925njm 22002777a 4500</leader>
<datafield tag="042" ind1=" " ind2=" ">
<subfield code="a">dc</subfield>
</datafield>
<datafield tag="720" ind1=" " ind2=" ">
<subfield code="a">Pérez Martínez, Victor</subfield>
<subfield code="e">author</subfield>
</datafield>
<datafield tag="720" ind1=" " ind2=" ">
<subfield code="a">Moltó, Jose Luis</subfield>
<subfield code="e">author</subfield>
</datafield>
<datafield tag="720" ind1=" " ind2=" ">
<subfield code="a">Lebrero Fernández, Raquel</subfield>
<subfield code="e">author</subfield>
</datafield>
<datafield tag="720" ind1=" " ind2=" ">
<subfield code="a">Muñoz Martínez, Raquel</subfield>
<subfield code="e">author</subfield>
</datafield>
<datafield tag="260" ind1=" " ind2=" ">
<subfield code="c">2021</subfield>
</datafield>
<datafield tag="520" ind1=" " ind2=" ">
<subfield code="a">The capacity of haloalkaliphilic methanotrophic bacteria to synthesize ectoine from CH4-biogas represents an opportunity for waste treatment plants to improve their economic revenues and align their processes to the incoming circular economy directives. A techno-economic and sensitivity analysis for the bioconversion of biogas into 10 t ectoine·y–1 was conducted in two stages: (I) bioconversion of CH4 into ectoine in a bubble column bioreactor and (II) ectoine purification via ion exchange chromatography. The techno-economic analysis showed high investment (4.2 M€) and operational costs (1.4 M€·y–1). However, the high margin between the ectoine market value (600–1000 €·kg–1) and the estimated ectoine production costs (214 €·kg–1) resulted in a high profitability for the process, with a net present value evaluated at 20 years (NPV20) of 33.6 M€. The cost sensitivity analysis conducted revealed a great influence of equipment and consumable costs on the ectoine production costs. In contrast to alternative biogas valorization into heat and electricity or into low added-value bioproducts, biogas bioconversion into ectoine exhibited high robustness toward changes in energy, water, transportation, and labor costs. The worst- and best-case scenarios evaluated showed ectoine break-even prices ranging from 158 to 275 €·kg–1, ∼3–6 times lower than the current industrial ectoine market value.</subfield>
</datafield>
<datafield tag="024" ind2=" " ind1="8">
<subfield code="a">ACS Sustainable Chemistry &amp; Engineering, 2021, vol. 9, n. 51. p. 17371-17380</subfield>
</datafield>
<datafield tag="024" ind2=" " ind1="8">
<subfield code="a">2168-0485</subfield>
</datafield>
<datafield tag="024" ind2=" " ind1="8">
<subfield code="a">https://uvadoc.uva.es/handle/10324/51665</subfield>
</datafield>
<datafield tag="024" ind2=" " ind1="8">
<subfield code="a">10.1021/acssuschemeng.1c06772</subfield>
</datafield>
<datafield tag="245" ind1="0" ind2="0">
<subfield code="a">Ectoine production from biogas in waste treatment facilities: A techno-economic and sensitivity analysis</subfield>
</datafield>
</record></metadata></record></GetRecord></OAI-PMH>